000 00328nam a2200145Ia 4500
003 LK-CoDNM
008 010623t2000 xxu||||| |||| 00| 1 fra d
040 _aLK-CoDNM
_dLK-CoDNM
_eLK-CoDNM
041 _afra
080 _a69
245 _aIcom Nathist : Lyon
260 _bICOM
_c2000
300 _b78p,pl., 30 cm
942 _cBK
999 _c120070
_d120070